Statistics for What Comes Next? - Multiple Choice

Click here to take the quiz!

General Stats

  • This quiz has been taken 227 times
  • The average score is 6 of 15

Answer Stats

Question Answer % Correct
1, 4, 9, 16, 25, ...36
81%
Washington, Idaho, Montana, North Dakota, ...Minnesota
59%
Mercury, Venus, Earth, Mars, ...Jupiter
57%
Russia, Canada, China, United States, Brazil, ...Australia
52%
Aries, Taurus, Gemini, Cancer, Leo, ...Virgo
44%
relessness, scambigol, Jerry928, Quizzer6794, ...Gamer1162
42%
Benin, Togo, Ghana, Ivory Coast, ...Liberia
40%
Dasher, Dancer, Prancer, Vixen, ...Comet
40%
Paris, Marseille, Lyon, Toulouse, ...Nice
36%
The Phantom Menace, Attack of the Clones, Revenge of the Sith, Rogue One, ...A New Hope
32%
Avatar, Titanic, Star Wars: The Force Awakens, Avengers: Infinity War, ...Jurassic World
30%
Pie, Oreo, Nougat, Marshmallow, Lollipop, ...KitKat
27%
China, India, United States, Indonesia, Brazil, ...Pakistan
25%
High Card, One Pair, Two Pair, Three of a Kind, ...Straight
25%
Caspian Sea, Superior, Victoria, Huron, Michigan, ...Tanganyika
20%

Score Distribution

Percentile by Number Answered

Percent of People with Each Score

Your Score History

You have not taken this quiz